[Event "Rottach Egern Seniors Cup 10th"]
[Site "Rottach Egern"]
[Date "2022.04.03"]
[Round "9"]
[White "Streiter, Manfred"]
[Black "Rosskopf, Max"]
[Result "1-0"]
[WhiteElo "1872"]
[BlackElo "1653"]
[PlyCount "143"]
[EventDate "2022.03.26"]
[EventType "swiss"]
[EventRounds "9"]
[EventCountry "GER"]
[SourceTitle "CBM 207 Extra"]
[Source "ChessBase"]
[SourceDate "2022.05.31"]
[SourceVersion "1"]
[SourceVersionDate "2022.05.31"]
[SourceQuality "1"]

1. d4 d5 2. Nf3 Nc6 3. g3 Nf6 4. Bg2 Bf5 5. c4 e6 6. 0-0 Be7 7. Nc3 dxc4 8. Qa4 0-0 9. Qxc4 Na5 10. Qa4 Nc6 11. Bg5 h6 12. Bxf6 Bxf6 13. Rfd1 Ne7 14. e4 Bg4 15. e5 Bxf3 16. Bxf3 Bg5 17. h4 Bxh4 18. gxh4 Nf5 19. d5 Nxh4 20. Qg4 f5 21. Qg3 f4 22. Qh3 Nxf3+ 23. Qxf3 Qg5+ 24. Qg2 Qxe5 25. Re1 Qh5 26. Rxe6 Rf5 27. Rg6 Rg5 28. Rxg5 hxg5 29. Re1 Rf8 30. f3 Rf5 31. Re7 Rf7 32. Re5 Qh4 33. Kf1 Qh7 34. Ne4 Rf5 35. Re8+ Kf7 36. Rc8 Rxd5 37. Rxc7+ Ke8 38. Rc1 Qg6 39. Qg4 Rf5 40. Kg2 Kd8 41. Rd1+ Kc7 42. Rd6 Qf7 43. Rd2 g6 44. Nd6 Qd7 45. Qh3 g4 46. Qxg4 Rf7 47. Qxd7+ Rxd7 48. Ne8+ Kd8 49. Rxd7+ Kxd7 50. Nf6+ Ke6 51. Ne4 Kf5 52. Nd6+ Ke5 53. Nxb7 Kd4 54. Na5 Ke3 55. Nc6 Ke2 56. Nd4+ Ke1 57. b4 Kd2 58. Ne6 Ke3 59. a4 Kd3 60. Nxf4+ Kc4 61. Nxg6 Kxb4 62. f4 Kxa4 63. f5 Kb3 64. f6 a5 65. f7 a4 66. f8Q a3 67. Qf7+ Kb2 68. Qf2+ Kb1 69. Qe1+ Kb2 70. Qd2+ Kb1 71. Qb4+ Ka2 72. Nf4 1-0

[Event "Rottach Egern Seniors Cup 10th"]
[Site "Rottach Egern"]
[Date "2022.04.01"]
[Round "7"]
[White "Walther, Renate"]
[Black "Rosskopf, Max"]
[Result "0-1"]
[WhiteElo "1180"]
[BlackElo "1653"]
[PlyCount "110"]
[EventDate "2022.03.26"]
[EventType "swiss"]
[EventRounds "9"]
[EventCountry "GER"]
[SourceTitle "CBM 207 Extra"]
[Source "ChessBase"]
[SourceDate "2022.05.31"]
[SourceVersion "1"]
[SourceVersionDate "2022.05.31"]
[SourceQuality "1"]

1. e4 e5 2. d4 exd4 3. Qxd4 Nc6 4. Qe3 d6 5. Nc3 Nf6 6. Bd2 Be7 7. 0-0-0 Ng4 8. Qe1 0-0 9. h3 Nge5 10. Be2 Be6 11. Bf4 Nd7 12. Nd5 Bxd5 13. exd5 Nce5 14. Nf3 Nxf3 15. gxf3 Nb6 16. Qg1 Kh8 17. Qg2 Rg8 18. Bd2 Bf6 19. c3 Nxd5 20. Bc4 c6 21. f4 Nc7 22. Bxf7 Rf8 23. Bc4 d5 24. Bd3 Rg8 25. Qf3 g6 26. Rhg1 Ne6 27. f5 Ng5 28. Qh1 Rg7 29. h4 Nf7 30. h5 g5 31. h6 Rg8 32. Qh5 Qe8 33. f4 gxf4 34. Bxf4 Qe7 35. Bd2 Bg5 36. Qe2 Bxd2+ 37. Kxd2 Qf6 38. Qe6 Qxh6+ 39. Qxh6 Nxh6 40. f6 Raf8 41. Rxg8+ Nxg8 42. Bf5 Rxf6 43. Bc8 b6 44. Bb7 h5 45. Rh1 Rh6 46. Bc8 Nf6 47. Bf5 a5 48. Re1 h4 49. Re6 Kg7 50. Rxc6 Ne4+ 51. Bxe4 Rxc6 52. Bxd5 Rd6 53. c4 h3 54. Kc3 Rxd5 55. cxd5 h2 0-1

[Event "Rottach Egern Seniors Cup 10th"]
[Site "Rottach Egern"]
[Date "2022.03.27"]
[Round "2"]
[White "Klein, Reinhard"]
[Black "Rosskopf, Max"]
[Result "1-0"]
[WhiteElo "1874"]
[BlackElo "1653"]
[PlyCount "141"]
[EventDate "2022.03.26"]
[EventType "swiss"]
[EventRounds "9"]
[EventCountry "GER"]
[SourceTitle "CBM 207 Extra"]
[Source "ChessBase"]
[SourceDate "2022.05.31"]
[SourceVersion "1"]
[SourceVersionDate "2022.05.31"]
[SourceQuality "1"]

1. d4 d5 2. Bf4 Nc6 3. e3 g6 4. c4 Nf6 5. Nc3 a6 6. h3 Bg7 7. Nf3 0-0 8. a4 Bf5 9. g4 Be4 10. Nxe4 Nxe4 11. Rc1 e6 12. Qb3 Na5 13. Qc2 Re8 14. Bd3 Nd6 15. c5 Nc8 16. h4 Nc6 17. Qd2 e5 18. dxe5 Bxe5 19. Nxe5 Nxe5 20. Bxe5 Rxe5 21. f4 Re8 22. Kf2 Ne7 23. Bb1 Qd7 24. Qd1 Nc6 25. h5 d4 26. e4 Rad8 27. hxg6 fxg6 28. Qf3 Rf8 29. Kg3 Ne5 30. Qb3+ Qf7 31. Qxf7+ Nxf7 32. Rhd1 Rd7 33. e5 Nd8 34. Rc4 Ne6 35. f5 gxf5 36. Bxf5 Re7 37. Re1 Rd8 38. Rd1 Rf8 39. Rd3 Ng7 40. Be4 Rxe5 41. Bxb7 Re3+ 42. Rxe3 dxe3 43. Bd5+ Kh8 44. Re4 Re8 45. Rxe8+ Nxe8 46. Kf3 Nf6 47. Be6 a5 48. Kxe3 Kg7 49. Kf4 h6 50. Kf5 Nh7 51. Ke5 Ng5 52. Bf5 Kf7 53. Kd5 Ke7 54. Kc6 Kd8 55. Kb5 Nf3 56. Kxa5 Nd4 57. Bg6 Kc8 58. Kb4 Kb8 59. Kc4 Nc6 60. Bf5 Ka7 61. b4 Ne7 62. b5 c6 63. Bd7 cxb5+ 64. axb5 Ng6 65. Kd5 Nf4+ 66. Kc6 Nd3 67. Bf5 Nb4+ 68. Kd7 Nd5 69. b6+ Kb8 70. Kd6 Nf6 71. c6 1-0

[Event "Rottach Egern Seniors Cup 9th"]
[Site "Rottach Egern"]
[Date "2021.10.23"]
[Round "2"]
[White "Speicher, Franz"]
[Black "Rosskopf, Max"]
[Result "1-0"]
[WhiteElo "1869"]
[BlackElo "1674"]
[PlyCount "43"]
[EventDate "2021.10.22"]
[EventType "swiss"]
[EventRounds "7"]
[EventCountry "GER"]
[SourceTitle "CBM 204 Extra"]
[Source "ChessBase"]
[SourceDate "2021.11.30"]
[SourceVersion "1"]
[SourceVersionDate "2021.11.30"]
[SourceQuality "1"]

1. d4 d5 2. Nf3 c6 3. e3 Nf6 4. Bd3 Ne4 5. Nbd2 Bf5 6. Nh4 e6 7. Nxf5 exf5 8. 0-0 Be7 9. f3 Nd6 10. e4 dxe4 11. fxe4 fxe4 12. Nxe4 0-0 13. Be3 Nd7 14. Nxd6 Bxd6 15. Rf3 Nf6 16. Bg5 Bxh2+ 17. Kh1 Qd6 18. Bxf6 gxf6 19. Rh3 Bf4 20. Rxh7 Qd5 21. Qg4+ Bg5 22. Qh5 1-0

[Event "Bad Wiessee Senioren Cup 8th"]
[Site "Bad Wiessee"]
[Date "2019.05.19"]
[Round "9"]
[White "Foerster, Rudi"]
[Black "Rosskopf, Max"]
[Result "0-1"]
[WhiteElo "1836"]
[BlackElo "1689"]
[PlyCount "68"]
[EventDate "2019.05.11"]
[EventType "swiss"]
[EventRounds "9"]
[EventCountry "GER"]
[SourceTitle "EXT 2020"]
[Source "ChessBase"]
[SourceDate "2019.10.17"]
[SourceVersion "1"]
[SourceVersionDate "2019.10.17"]
[SourceQuality "1"]

1. e4 e5 2. Nf3 d6 3. d4 exd4 4. Nxd4 Nf6 5. Nc3 c6 6. Bd3 Be7 7. Nf5 Bxf5 8. exf5 Nbd7 9. Be3 0-0 10. Qd2 Ne5 11. Be2 Qd7 12. f4 Neg4 13. h3 Nxe3 14. Qxe3 Rfe8 15. Qd3 d5 16. 0-0-0 b5 17. g4 b4 18. Nb1 Ne4 19. Qxe4 Bd6 20. Qf3 Re4 21. Bd3 Rxf4 22. Qg2 a5 23. Rhf1 Rd4 24. c3 bxc3 25. Nxc3 Bf4+ 26. Kb1 Rb8 27. Ne2 Rdb4 28. Rxf4 Rxb2+ 29. Kc1 Qd6 30. Qf2 Qa3 31. Bc2 Rxc2+ 32. Kxc2 Rb2+ 33. Kc1 Rxe2+ 34. Kb1 Qb2# 0-1

[Event "Bad Wiessee Senioren Cup 8th"]
[Site "Bad Wiessee"]
[Date "2019.05.16"]
[Round "6"]
[White "Rosskopf, Max"]
[Black "Luebbers, Doris"]
[Result "1-0"]
[WhiteElo "1689"]
[BlackElo "1511"]
[PlyCount "89"]
[EventDate "2019.05.11"]
[EventType "swiss"]
[EventRounds "9"]
[EventCountry "GER"]
[SourceTitle "EXT 2020"]
[Source "ChessBase"]
[SourceDate "2019.10.17"]
[SourceVersion "1"]
[SourceVersionDate "2019.10.17"]
[SourceQuality "1"]

1. e4 g6 2. Nf3 d6 3. Nc3 Bg7 4. d4 e6 5. Bc4 Ne7 6. Be3 b6 7. Qd2 0-0 8. Bh6 Ba6 9. Bxa6 Nxa6 10. a3 c6 11. 0-0 Qc7 12. Rae1 Rfe8 13. Bxg7 Kxg7 14. Re3 Rh8 15. h3 f6 16. Ne2 Qd7 17. Qc3 Nc7 18. b4 Rac8 19. Qb2 Rhf8 20. Nh2 d5 21. e5 fxe5 22. Rxe5 Rf5 23. f4 Rcf8 24. Qc1 Rxe5 25. fxe5 Rxf1+ 26. Qxf1 Nf5 27. Ng4 Ne8 28. Nf6 Qf7 29. g4 Nh6 30. g5 Nf5 31. Qf2 Nxf6 32. gxf6+ Kg8 33. Qf4 Qd7 34. h4 Qf7 35. c3 Qe8 36. Qg5 Qf7 37. h5 Kf8 38. Nf4 gxh5 39. Nxh5 Qg6 40. Qxg6 hxg6 41. Nf4 Kf7 42. Kf2 g5 43. Nh3 Kg6 44. Nxg5 Kxg5 45. f7 1-0

[Event "Bad Wiessee Senioren Cup 8th"]
[Site "Bad Wiessee"]
[Date "2019.05.15"]
[Round "5"]
[White "Grandl, Klaus"]
[Black "Rosskopf, Max"]
[Result "1/2-1/2"]
[WhiteElo "1538"]
[BlackElo "1689"]
[PlyCount "95"]
[EventDate "2019.05.11"]
[EventType "swiss"]
[EventRounds "9"]
[EventCountry "GER"]
[SourceTitle "EXT 2020"]
[Source "ChessBase"]
[SourceDate "2019.10.17"]
[SourceVersion "1"]
[SourceVersionDate "2019.10.17"]
[SourceQuality "1"]

1. e4 e5 2. Nf3 Nf6 3. Nc3 d6 4. h3 Be7 5. d4 exd4 6. Nxd4 c6 7. Bd3 Nbd7 8. Nf3 0-0 9. 0-0 Nc5 10. b4 Nxd3 11. cxd3 Nd7 12. Bb2 Bf6 13. Rb1 Re8 14. Ne2 Bxb2 15. Rxb2 Re6 16. Ng3 Qb6 17. Qb3 Rg6 18. Kh2 Nf6 19. e5 Be6 20. Qd1 dxe5 21. Nxe5 Rh6 22. f4 Nd5 23. Qd2 Ne3 24. Qf2 Nf5 25. Qxb6 axb6 26. Nxf5 Bxf5 27. g4 Be6 28. Rff2 Bc8 29. f5 Rd6 30. Rfe2 Rd8 31. Nc4 b5 32. Nd6 h6 33. Nxc8 Rdxc8 34. d4 Rd8 35. Red2 b6 36. Rbc2 Rac8 37. Kg3 f6 38. h4 Rd5 39. Kf4 Rcd8 40. Ke4 R5d6 41. h5 Rc8 42. Ke3 Rd7 43. Kf4 Re7 44. Kf3 Rec7 45. Ke4 Re7+ 46. Kf4 Rec7 47. Ke4 Re7+ 48. Kf3 1/2-1/2

[Event "Bad Wiessee Senioren Cup 8th"]
[Site "Bad Wiessee"]
[Date "2019.05.13"]
[Round "3"]
[White "Catalfamo, Santo"]
[Black "Rosskopf, Max"]
[Result "1-0"]
[WhiteElo "1554"]
[BlackElo "1689"]
[PlyCount "57"]
[EventDate "2019.05.11"]
[EventType "swiss"]
[EventRounds "9"]
[EventCountry "GER"]
[SourceTitle "EXT 2020"]
[Source "ChessBase"]
[SourceDate "2019.10.17"]
[SourceVersion "1"]
[SourceVersionDate "2019.10.17"]
[SourceQuality "1"]

1. Nf3 Nc6 2. g3 d5 3. b3 e5 4. d3 Bd6 5. Bg2 h6 6. Nbd2 Be6 7. Bb2 Nge7 8. 0-0 Qd7 9. Re1 Ng6 10. c3 0-0-0 11. e4 Nce7 12. exd5 Nxd5 13. d4 Bg4 14. Qc1 f5 15. dxe5 Bc5 16. Qc2 Rhe8 17. b4 Bb6 18. a4 a6 19. a5 Ba7 20. Qb3 Re6 21. c4 Nde7 22. b5 Bc5 23. bxa6 Rxa6 24. Nd4 c6 25. N4f3 f4 26. Ne4 Ba7 27. Rad1 Qc7 28. Rxd8+ Qxd8 29. Nd6+ 1-0

[Event "Bad Wiessee Seniors op"]
[Site "Bad Wiessee"]
[Date "2012.04.27"]
[Round "7"]
[White "Rosskopf, Max"]
[Black "Sanna, Giuseppe"]
[Result "1/2-1/2"]
[WhiteElo "1540"]
[BlackElo "1655"]
[PlyCount "79"]
[EventDate "2012.04.21"]
[EventType "swiss"]
[EventRounds "9"]
[EventCountry "GER"]
[SourceTitle "EXT 2015"]
[Source "ChessBase"]
[SourceDate "2014.11.20"]
[SourceVersion "1"]
[SourceVersionDate "2014.11.20"]
[SourceQuality "1"]

1. e4 d6 2. d4 Nf6 3. Nc3 c6 4. Nf3 Bg4 5. h3 Bxf3 6. Qxf3 e6 7. Bg5 Be7 8. Rd1 d5 9. exd5 cxd5 10. a3 a6 11. Bd3 0-0 12. 0-0 Nbd7 13. Rfe1 b5 14. b4 Rc8 15. Bd2 Nb6 16. Re2 Nc4 17. Bc1 Qb6 18. Kh1 Rc7 19. Bxc4 Rxc4 20. Red2 Rfc8 21. Rd3 a5 22. bxa5 Qxa5 23. Bb2 b4 24. axb4 Bxb4 25. Ra1 Qc7 26. Nb5 Qb6 27. Na3 Bxa3 28. Bxa3 Rxc2 29. Bc5 Qb2 30. Rda3 Rc1+ 31. Rxc1 Qxc1+ 32. Kh2 h6 33. Ra7 Qg5 34. Qb3 Qg6 35. Qb7 Re8 36. f3 Nh5 37. Qc7 f5 38. Bd6 Nf6 39. Be5 h5 40. h4 1/2-1/2

[Event "Bad Wiessee Seniors op"]
[Site "Bad Wiessee"]
[Date "2012.04.24"]
[Round "4"]
[White "Wawrinsky, Ludwig"]
[Black "Rosskopf, Max"]
[Result "1-0"]
[WhiteElo "1692"]
[BlackElo "1540"]
[PlyCount "82"]
[EventDate "2012.04.21"]
[EventType "swiss"]
[EventRounds "9"]
[EventCountry "GER"]
[SourceTitle "EXT 2015"]
[Source "ChessBase"]
[SourceDate "2014.11.20"]
[SourceVersion "1"]
[SourceVersionDate "2014.11.20"]
[SourceQuality "1"]

1. e4 e5 2. Bc4 Nf6 3. d3 Nc6 4. a3 Bc5 5. Nc3 d6 6. Na4 0-0 7. Nxc5 dxc5 8. Bg5 h6 9. Bh4 Qd6 10. Nf3 Bg4 11. h3 Bh5 12. g4 Bg6 13. g5 Nh5 14. gxh6 gxh6 15. Rg1 Nf4 16. Qd2 Kh7 17. Rg3 Bh5 18. 0-0-0 Bxf3 19. Rxf3 Nd4 20. Rxf4 exf4 21. f3 b5 22. Ba2 a5 23. Qf2 Rad8 24. c3 Rd7 25. cxd4 cxd4 26. Qd2 c5 27. Qxa5 Qb8 28. Bd5 Ra7 29. Qd2 b4 30. axb4 cxb4 31. Qf2 Ra1+ 32. Kd2 Rxd1+ 33. Kxd1 Qa7 34. Qd2 Rg8 35. Ke2 Rg2+ 36. Bf2 Qa1 37. Qe1 Qxb2+ 38. Kf1 Rh2 39. h4 Rh1+ 40. Bg1 f6 41. Qf2 Rh3 1-0

[Event "Bad Wiessee Seniors op"]
[Site "Bad Wiessee"]
[Date "2012.04.23"]
[Round "3"]
[White "Rosskopf, Max"]
[Black "Wicklund Hansen, Richard"]
[Result "0-1"]
[WhiteElo "1540"]
[BlackElo "1764"]
[PlyCount "88"]
[EventDate "2012.04.21"]
[EventType "swiss"]
[EventRounds "9"]
[EventCountry "GER"]
[SourceTitle "EXT 2015"]
[Source "ChessBase"]
[SourceDate "2014.11.20"]
[SourceVersion "1"]
[SourceVersionDate "2014.11.20"]
[SourceQuality "1"]

1. e4 g6 2. Nf3 Bg7 3. Bc4 d6 4. d4 Nf6 5. Nc3 a6 6. a4 0-0 7. 0-0 b6 8. Re1 e6 9. Bf4 Bb7 10. Re2 Nxe4 11. Nxe4 d5 12. Bd3 dxe4 13. Bxe4 Bxe4 14. Rxe4 Nc6 15. c3 Rc8 16. b4 Ne7 17. Qe2 Nd5 18. Bd2 c5 19. Qxa6 cxb4 20. cxb4 Qd6 21. Rb1 Ra8 22. Qc4 Rxa4 23. Qb3 b5 24. Ng5 Rfa8 25. Qf3 Nf6 26. Ree1 h6 27. Ne4 Nxe4 28. Qxe4 Qxd4 29. Qxd4 Bxd4 30. g3 h5 31. Kg2 Rc8 32. Red1 Rc2 33. Kf3 Raa2 34. Be3 Bxe3 35. fxe3 Rab2 36. Ke4 f6 37. Kd4 Rc4+ 38. Kd3 Rcxb4 39. Rxb2 Rxb2 40. Kc3 Rxh2 41. Rb1 Rh3 42. Rxb5 Rxg3 43. Kd3 h4 44. Ke2 h3 0-1

[Event "Bad Wiessee Seniors op"]
[Site "Bad Wiessee"]
[Date "2012.04.22"]
[Round "2"]
[White "Chernyak, Nataliya"]
[Black "Rosskopf, Max"]
[Result "0-1"]
[WhiteElo "1351"]
[BlackElo "1540"]
[PlyCount "68"]
[EventDate "2012.04.21"]
[EventType "swiss"]
[EventRounds "9"]
[EventCountry "GER"]
[SourceTitle "EXT 2015"]
[Source "ChessBase"]
[SourceDate "2014.11.20"]
[SourceVersion "1"]
[SourceVersionDate "2014.11.20"]
[SourceQuality "1"]

1. e4 e5 2. Nc3 Nc6 3. d3 Nf6 4. h3 Be7 5. g4 h6 6. Bg2 d6 7. Nge2 Be6 8. Ng3 Qd7 9. Nf5 Rg8 10. a3 Bxf5 11. exf5 d5 12. Bd2 0-0-0 13. b4 Rge8 14. 0-0 Bf8 15. Ne2 e4 16. Be3 d4 17. Bf4 g5 18. Bg3 e3 19. Rc1 Bd6 20. c4 h5 21. b5 Na5 22. c5 Bxg3 23. c6 Bxf2+ 24. Rxf2 exf2+ 25. Kxf2 Qe7 26. Bf3 Qe3+ 27. Kg2 hxg4 28. hxg4 Rh8 29. cxb7+ Nxb7 30. Qc2 Qe5 31. Qc6 Nd5 32. b6 axb6 33. Kf2 Rh2+ 34. Kg1 Rxe2 0-1

[Event "GER Seniors Derby 05th"]
[Site "Wesel Undeloh"]
[Date "2006.04.21"]
[Round "3"]
[White "Rosskopf, Max"]
[Black "Jaksch, Siegfried"]
[Result "0-1"]
[WhiteElo "1495"]
[BlackElo "1726"]
[PlyCount "52"]
[EventDate "2006.04.20"]
[EventType "swiss"]
[EventRounds "7"]
[EventCountry "GER"]
[SourceTitle "EXT 2007"]
[Source "ChessBase"]
[SourceDate "2006.11.23"]
[SourceVersion "1"]
[SourceVersionDate "2006.11.23"]
[SourceQuality "1"]

1. d4 Nf6 2. Nc3 e6 3. e4 Bb4 4. Bd2 Bxc3 5. Bxc3 d5 6. e5 Ne4 7. Qg4 0-0 8. Bd3 f5 9. Qf4 Rf7 10. Bd2 b6 11. Be3 c5 12. c3 Nc6 13. a3 cxd4 14. cxd4 Ne7 15. h4 Ng6 16. Qh2 f4 17. Bc1 h5 18. Nf3 Bb7 19. Ng5 Re7 20. f3 Rc8 21. fxe4 dxe4 22. Bxe4 Bxe4 23. Nxe4 Qxd4 24. Nf2 Qxe5+ 25. Kd2 Qe3+ 26. Kd1 Rd7+ 0-1

[Event "GER Seniors Derby 05th"]
[Site "Wesel Undeloh"]
[Date "2006.04.20"]
[Round "1"]
[White "Neitzert, Volker"]
[Black "Rosskopf, Max"]
[Result "0-1"]
[WhiteElo "1788"]
[BlackElo "1495"]
[PlyCount "112"]
[EventDate "2006.04.20"]
[EventType "swiss"]
[EventRounds "7"]
[EventCountry "GER"]
[SourceTitle "EXT 2007"]
[Source "ChessBase"]
[SourceDate "2006.11.23"]
[SourceVersion "1"]
[SourceVersionDate "2006.11.23"]
[SourceQuality "1"]

1. e4 e6 2. d4 d5 3. Nd2 Nc6 4. c3 Be7 5. Bd3 Nf6 6. e5 Nd7 7. Ne2 f6 8. Nf4 Nf8 9. Qh5+ Kd7 10. exf6 Bxf6 11. 0-0 Qe8 12. Qh3 Kd8 13. Qf3 Ne7 14. Re1 c6 15. Nb3 b6 16. a4 a5 17. Bd2 h5 18. Bc2 Qf7 19. Nd3 Neg6 20. Ne5 Qe8 21. Nxg6 Nxg6 22. Qg3 Ne7 23. Qd6+ Qd7 24. Rxe6 Qxd6 25. Rxd6+ Kc7 26. Bf4 Kb7 27. Re1 Nf5 28. Bxf5 Bxf5 29. Nd2 Rae8 30. Re5 Bxe5 31. Bxe5 Re7 32. f3 Rhe8 33. Kf2 Rxe5 34. dxe5 Rxe5 35. f4 Re7 36. Rd8 Kc7 37. Ra8 Kb7 38. Rd8 g6 39. Rg8 Bd3 40. Nf3 Re2+ 41. Kg3 Rxb2 42. Nh4 Be4 43. Rg7+ Ka6 44. Rc7 c5 45. Re7 Rc2 46. Re6 Rxc3+ 47. Kf2 Rc2+ 48. Ke3 Rc3+ 49. Kd2 Rd3+ 50. Ke2 c4 51. Nxg6 c3 52. Ne5 Rd2+ 53. Ke1 Rxg2 54. Rc6 c2 55. h4 Rg1+ 56. Kd2 Rd1+ 0-1